[Event "Campeonato del Mundo sub-18 Femenino"]
[Site "Kemer TUR"]
[Date "2009.11.13"]
[Round "2.25"]
[White "Hadziselimovic, Maja"]
[Black "Alpysbayeva, Aigerim"]
[Result "0-1"]
[WhiteElo "1681"]
[BlackElo "1972"]
[PlyCount "72"]
[EventDate "2009.11.11"]
[EventType "swiss"]
[EventRounds "11"]
[EventCountry "TUR"]
[Source "lmi"]
[SourceDate "2009.11.11"]

1. e4 c5 2. Nf3 e6 3. d4 cxd4 4. Nxd4 Nf6 5. Nc3 Nc6 6. a3 a6 7. Be2 Bc5 8. Nb3
Ba7 9. Bg5 h6 10. Bh4 O-O 11. Qd2 d5 12. exd5 exd5 13. O-O-O d4 14. Bxf6 Qxf6
15. Ne4 Qg6 16. Bf3 Bf5 17. Ng3 Rfd8 18. Rhe1 Rac8 19. Bxc6 Bxc2 20. Na5 Bxd1
21. Kxd1 bxc6 22. Nc4 Re8 23. Rxe8+ Rxe8 24. Kc1 c5 25. f3 Qe6 26. b3 Bb8 27.
Qf2 Bf4+ 28. Kd1 f5 29. Nf1 Qd5 30. g3 Bg5 31. f4 Bf6 32. Nfd2 d3 33. Ne3 Qd4
34. Ndf1 Qa1+ 35. Kd2 Qb2+ 36. Ke1 Qc1# 0-1

[Event "Campeonato del Mundo sub-18 Femenino"]
[Site "Kemer TUR"]
[Date "2009.11.13"]
[Round "2.26"]
[White "Ursente, Maria-Eugenia"]
[Black "Lokunarangoda, Jalashi Changa M"]
[Result "1-0"]
[WhiteElo "1968"]
[BlackElo "1576"]
[PlyCount "87"]
[EventDate "2009.11.11"]
[EventType "swiss"]
[EventRounds "11"]
[EventCountry "TUR"]
[Source "lmi"]
[SourceDate "2009.11.11"]

1. c4 c5 2. g3 Nc6 3. Bg2 g6 4. Nc3 Bg7 5. a3 d6 6. Rb1 a5 7. d3 Rb8 8. e3 Bd7
9. Nge2 Qc7 10. O-O Na7 11. a4 Bc6 12. e4 e6 13. f4 Ne7 14. g4 f5 15. Ng3 O-O
16. Qe2 Rbd8 17. Nb5 Bxb5 18. axb5 b6 19. b3 Bh6 20. Bb2 Qd7 21. Rbe1 Rde8 22.
g5 Bg7 23. Bxg7 Kxg7 24. Qb2+ Kg8 25. h4 Nec8 26. exf5 gxf5 27. Nh5 Rf7 28.
Nf6+ Rxf6 29. Qxf6 Qf7 30. Qb2 Qg7 31. Qd2 Qf7 32. Re3 Ne7 33. Qf2 Kf8 34. Rfe1
Ng6 35. h5 Nh8 36. Qe2 Nc8 37. Rxe6 Rxe6 38. Qxe6 Qxe6 39. Rxe6 Nf7 40. Bh3 Ne7
41. g6 hxg6 42. hxg6 Nd8 43. g7+ Kxg7 44. Rxe7+ 1-0

[Event "Campeonato del Mundo sub-18 Femenino"]
[Site "Kemer TUR"]
[Date "2009.11.14"]
[Round "3.1"]
[White "Savina, Anastasia"]
[Black "Ni, Viktorija"]
[Result "1-0"]
[WhiteElo "2401"]
[BlackElo "2181"]
[PlyCount "103"]
[EventDate "2009.11.11"]
[EventType "swiss"]
[EventRounds "11"]
[EventCountry "TUR"]
[Source "lmi"]
[SourceDate "2009.11.11"]

1. d4 Nf6 2. c4 g6 3. Nc3 Bg7 4. e4 d6 5. Nf3 O-O 6. Be2 e5 7. O-O Nc6 8. d5
Ne7 9. b4 Nh5 10. Re1 f5 11. Ng5 Nf6 12. Bf3 c6 13. b5 cxd5 14. cxd5 h6 15. Ne6
Bxe6 16. dxe6 fxe4 17. Nxe4 Nxe4 18. Bxe4 d5 19. Ba3 dxe4 20. Qxd8 Rfxd8 21.
Bxe7 Re8 22. Bc5 Rxe6 23. Be3 a6 24. b6 Bf6 25. a4 a5 26. Rab1 Bg5 27. Bxg5
hxg5 28. Rxe4 Rd8 29. f3 Kf7 30. Rb5 Kf6 31. Rxa5 Rd1+ 32. Kf2 Rb1 33. Kg3
Rbxb6 34. Kg4 Rb2 35. g3 Rb1 36. Ra8 Rb3 37. Rf8+ Ke7 38. Rh8 Kf6 39. Rf8+ Ke7
40. Rb8 Kf6 41. Rc4 Ra6 42. Rf8+ Ke7 43. Rcc8 Rb4+ 44. Kxg5 Rbxa4 45. Rce8+ Kd6
46. Rf6+ Kd5 47. Kxg6 b5 48. Rxa6 Rxa6+ 49. Kf5 Rh6 50. Rxe5+ Kd6 51. Re2 b4
52. g4 1-0

[Event "Campeonato del Mundo sub-18 Femenino"]
[Site "Kemer TUR"]
[Date "2009.11.14"]
[Round "3.2"]
[White "Repina, Varvara"]
[Black "Uuganbayar, Lkhamsuren"]
[Result "1-0"]
[WhiteElo "2258"]
[BlackElo "2136"]
[PlyCount "57"]
[EventDate "2009.11.11"]
[EventType "swiss"]
[EventRounds "11"]
[EventCountry "TUR"]
[Source "lmi"]
[SourceDate "2009.11.11"]

1. e4 e6 2. d4 d5 3. Nc3 Bb4 4. e5 c5 5. a3 Bxc3+ 6. bxc3 Ne7 7. Qg4 Qc7 8.
Qxg7 Rg8 9. Qxh7 cxd4 10. Ne2 Nbc6 11. f4 Bd7 12. Qd3 dxc3 13. Nxc3 a6 14. Rb1
Rc8 15. Ne2 Na5 16. Nd4 Nec6 17. Nxc6 Bxc6 18. Bd2 Nc4 19. Qh7 Rg6 20. Bb4 Qb6
21. Rb3 Ne3 22. Bd3 Nxg2+ 23. Kd1 Ne3+ 24. Kc1 Nf5 25. Bxf5 exf5 26. e6 Rg1+
27. Rxg1 Qxg1+ 28. Kb2 Qd4+ 29. Bc3 1-0

[Event "Campeonato del Mundo sub-18 Femenino"]
[Site "Kemer TUR"]
[Date "2009.11.14"]
[Round "3.3"]
[White "Ozturk, Kubra"]
[Black "Kulon, Klaudia"]
[Result "1-0"]
[WhiteElo "2177"]
[BlackElo "2233"]
[PlyCount "113"]
[EventDate "2009.11.11"]
[EventType "swiss"]
[EventRounds "11"]
[EventCountry "TUR"]
[Source "lmi"]
[SourceDate "2009.11.11"]

1. d4 Nf6 2. c4 e6 3. Nf3 b6 4. g3 Bb7 5. Bg2 d5 6. cxd5 exd5 7. O-O Bd6 8. Nc3
a6 9. Nh4 h6 10. Qb3 Be7 11. Nf5 O-O 12. Nxd5 Nxd5 13. Bxd5 Nc6 14. Qf3 Nxd4
15. Nxh6+ gxh6 16. Qg4+ Kh7 17. Bxb7 Ra7 18. Bg2 f5 19. Qh5 Bg5 20. h4 Bxc1 21.
Raxc1 Qe8 22. Bf3 f4 23. Qxe8 Rxe8 24. Rfe1 c5 25. gxf4 Rf7 26. Kh2 Rxf4 27.
Kg3 Rf6 28. Rc3 Re7 29. Bg4 Rg6 30. Kh3 Re5 31. Re3 Rd5 32. Re7+ Rg7 33. Rxg7+
Kxg7 34. e4 Rd8 35. Kg3 Nc2 36. Re2 Nd4 37. Re3 c4 38. f4 b5 39. f5 Nc6 40. Kf4
Rd4 41. Be2 Kf6 42. Rg3 Ne7 43. Ra3 Nd5+ 44. Kf3 Nb4 45. Ra5 Rd6 46. Kf4 Rd4
47. Bf3 Nd5+ 48. Kg4 Nc7 49. a4 Ke5 50. axb5 axb5 51. Ra7 Kd6 52. f6 Ne6 53.
Kf5 Rd3 54. e5+ Kc5 55. Kxe6 Rxf3 56. f7 b4 57. Ra8 1-0

[Event "Campeonato del Mundo sub-18 Femenino"]
[Site "Kemer TUR"]
[Date "2009.11.14"]
[Round "3.4"]
[White "Eric, Jovana"]
[Black "Mammadova, Gulnar"]
[Result "1/2-1/2"]
[WhiteElo "2163"]
[BlackElo "2202"]
[PlyCount "77"]
[EventDate "2009.11.11"]
[EventType "swiss"]
[EventRounds "11"]
[EventCountry "TUR"]
[Source "lmi"]
[SourceDate "2009.11.11"]

1. e4 d6 2. d4 g6 3. Nc3 Bg7 4. Be3 c6 5. h3 Qc7 6. Nf3 Nd7 7. a4 e6 8. Qd2 Ne7
9. Bd3 a6 10. O-O c5 11. dxc5 dxc5 12. Bf4 e5 13. Bg5 Nf6 14. Bc4 O-O 15. Bh6
Nh5 16. Rad1 Nf4 17. Bxf4 exf4 18. Nd5 Nxd5 19. exd5 Qd6 20. c3 b6 21. Rfe1 h6
22. Qe2 Bf6 23. Nd2 Bf5 24. Ne4 Bxe4 25. Qxe4 Kg7 26. Qd3 a5 27. Bb5 Ra7 28.
Bc6 Rc7 29. Qb5 Rb8 30. Re4 Be5 31. Rde1 Re7 32. Qe2 f6 33. h4 Rf8 34. h5 g5
35. Qg4 Qc7 36. Bb5 Qd6 37. Bc6 Qc7 38. Bb5 Qd6 39. Bc6 1/2-1/2

[Event "Campeonato del Mundo sub-18 Femenino"]
[Site "Kemer TUR"]
[Date "2009.11.14"]
[Round "3.5"]
[White "Korchagina, Victoria"]
[Black "Pon Namasivayam, Krithikha"]
[Result "1-0"]
[WhiteElo "2150"]
[BlackElo "2196"]
[PlyCount "58"]
[EventDate "2009.11.11"]
[EventType "swiss"]
[EventRounds "11"]
[EventCountry "TUR"]
[Source "lmi"]
[SourceDate "2009.11.11"]

1. e4 e5 2. Nf3 Nc6 3. Bb5 a6 4. Ba4 Nf6 5. O-O Bc5 6. c3 b5 7. Bc2 d6 8. d4
Bb6 9. h3 O-O 10. Be3 exd4 11. cxd4 d5 12. Nc3 dxe4 13. Nxe4 Nd5 14. Re1 Ncb4
15. Bb1 Nxe3 16. fxe3 Nd5 17. Qb3 h6 18. Kh1 Be6 19. Qd3 f5 20. Nc5 Bxc5 21.
dxc5 Nf6 22. Nd2 Nh5 23. Rc1 Bd5 24. e4 fxe4 25. Nxe4 c6 26. Ng3 Qg5 27. Qh7+
Kf7 28. Rf1+ Ke7 29. Re1+ Kd8 1-0

[Event "Campeonato del Mundo sub-18 Femenino"]
[Site "Kemer TUR"]
[Date "2009.11.14"]
[Round "3.6"]
[White "Warakomska, Anna"]
[Black "Pavlidou, Ekaterini"]
[Result "1-0"]
[WhiteElo "2189"]
[BlackElo "2128"]
[PlyCount "95"]
[EventDate "2009.11.11"]
[EventType "swiss"]
[EventRounds "11"]
[EventCountry "TUR"]
[Source "lmi"]
[SourceDate "2009.11.11"]

1. e4 c5 2. Nf3 e6 3. d4 cxd4 4. Nxd4 Nf6 5. Nc3 Nc6 6. Be2 Bb4 7. O-O Bxc3 8.
bxc3 Nxe4 9. Qd3 f5 10. Ba3 Nxd4 11. cxd4 d5 12. c4 Kf7 13. Rac1 Bd7 14. cxd5
exd5 15. f3 Nf6 16. Bd1 Qa5 17. Rc5 Qa6 18. Qxa6 bxa6 19. Bb3 Bb5 20. Re1 Rhe8
21. Rc7+ Kg6 22. Ree7 Rxe7 23. Bxe7 Re8 24. a4 Bd3 25. Bxf6 Kxf6 26. Bxd5 Re1+
27. Kf2 Re2+ 28. Kg3 g5 29. f4 Re3+ 30. Kf2 Re2+ 31. Kg3 Re3+ 32. Bf3 g4 33.
Kf2 Re7 34. Rxe7 Kxe7 35. Be2 Bc2 36. a5 Be4 37. Bxa6 Kd6 38. g3 Ke6 39. Ke3
Bg2 40. Bc8+ Kf6 41. a6 Be4 42. Bb7 Bb1 43. Bd5 Ke7 44. Bc4 Kf6 45. d5 Be4 46.
Kd4 Bb1 47. Kc5 Be4 48. Kd6 1-0

[Event "Campeonato del Mundo sub-18 Femenino"]
[Site "Kemer TUR"]
[Date "2009.11.14"]
[Round "3.7"]
[White "Motycakova, Monika"]
[Black "Havlikova, Kristyna"]
[Result "1-0"]
[WhiteElo "2038"]
[BlackElo "2185"]
[PlyCount "83"]
[EventDate "2009.11.11"]
[EventType "swiss"]
[EventRounds "11"]
[EventCountry "TUR"]
[Source "lmi"]
[SourceDate "2009.11.11"]

1. e4 c5 2. Nf3 d6 3. d4 cxd4 4. Nxd4 Nf6 5. Nc3 a6 6. Be3 e5 7. Nb3 Be6 8. f3
Be7 9. Qd2 h5 10. O-O-O Nbd7 11. h4 Rc8 12. Kb1 b5 13. Qf2 Qc7 14. Rg1 b4 15.
Nd5 Nxd5 16. exd5 Bf5 17. Rd2 Ra8 18. g4 Bg6 19. f4 hxg4 20. f5 Bxh4 21. Qh2
Bxf5 22. Bg5 Bxg5 23. Qxh8+ Nf8 24. Rf2 g6 25. Rgg2 Be4 26. Rxg4 Bf4 27. Bg2
Bxg2 28. Rgxg2 a5 29. Nc1 Qc4 30. Nd3 Qxd5 31. Re2 Kd7 32. b3 Rc8 33. Rg1 Ne6
34. Qh3 Qd4 35. Rg4 Rc3 36. Qh7 Ng5 37. Qh1 Ne6 38. Qh7 Ke7 39. Qh4+ Kd7 40.
Qf6 Nd8 41. Rxf4 Qd5 42. Rc4 1-0

[Event "Campeonato del Mundo sub-18 Femenino"]
[Site "Kemer TUR"]
[Date "2009.11.14"]
[Round "3.8"]
[White "Tsatsalashvili, Keti"]
[Black "Girya, Olga"]
[Result "0-1"]
[WhiteElo "2288"]
[BlackElo "2340"]
[PlyCount "69"]
[EventDate "2009.11.11"]
[EventType "swiss"]
[EventRounds "11"]
[EventCountry "TUR"]
[Source "lmi"]
[SourceDate "2009.11.11"]

1. d4 Nf6 2. c4 e6 3. g3 Bb4+ 4. Bd2 Qe7 5. Bg2 Nc6 6. Nf3 Bxd2+ 7. Nbxd2 d6 8.
O-O O-O 9. e4 e5 10. d5 Nb8 11. b4 a5 12. a3 Bg4 13. h3 Bxf3 14. Qxf3 Na6 15.
Qc3 axb4 16. axb4 c5 17. dxc6 bxc6 18. Ra4 Nc7 19. Rxa8 Rxa8 20. Ra1 Rb8 21.
Nb3 Ne6 22. c5 Nh5 23. Kh2 dxc5 24. bxc5 Qb7 25. Na5 Qc7 26. Nc4 Qd7 27. Ra5 g6
28. Qa3 Rb5 29. Ra7 Rb7 30. Ra8+ Rb8 31. Ra7 Rb7 32. Ra8+ Rb8 33. Ra7 Qd8 34.
Nd6 Nxc5 35. Qa2 0-1

[Event "Campeonato del Mundo sub-18 Femenino"]
[Site "Kemer TUR"]
[Date "2009.11.14"]
[Round "3.9"]
[White "Guramishvili, Sopiko"]
[Black "Brunello, Marina"]
[Result "1/2-1/2"]
[WhiteElo "2327"]
[BlackElo "2158"]
[PlyCount "79"]
[EventDate "2009.11.11"]
[EventType "swiss"]
[EventRounds "11"]
[EventCountry "TUR"]
[Source "lmi"]
[SourceDate "2009.11.11"]

1. d4 Nf6 2. c4 e6 3. Nc3 Bb4 4. Bg5 d5 5. cxd5 exd5 6. e3 Qd6 7. Bf4 Qe7 8.
Bd3 O-O 9. Qc2 c5 10. Nge2 c4 11. Bf5 Nc6 12. O-O h6 13. Bg3 Bxc3 14. Nxc3 Bxf5
15. Qxf5 Qe6 16. Qxe6 fxe6 17. f3 a6 18. a4 Rfe8 19. Rad1 Nb4 20. Rd2 Rad8 21.
Rb1 Nc6 22. b4 cxb3 23. Rxb3 Na5 24. Rb1 Rc8 25. Rd3 Re7 26. Bd6 Rd7 27. Bb4
Nc4 28. a5 e5 29. Na4 e4 30. Rdb3 exf3 31. gxf3 Re8 32. Kf2 Rf7 33. Ke2 Nh5 34.
Kf2 Nf6 35. Ke2 Nh5 36. Nb2 Nf4+ 37. Kf2 Nh3+ 38. Ke2 Nf4+ 39. Kf2 Nh3+ 40. Ke2
1/2-1/2

[Event "Campeonato del Mundo sub-18 Femenino"]
[Site "Kemer TUR"]
[Date "2009.11.14"]
[Round "3.10"]
[White "Laurusaite, Brigita"]
[Black "Bhakti Pradip, Kulkarni"]
[Result "0-1"]
[WhiteElo "2057"]
[BlackElo "2263"]
[PlyCount "66"]
[EventDate "2009.11.11"]
[EventType "swiss"]
[EventRounds "11"]
[EventCountry "TUR"]
[Source "lmi"]
[SourceDate "2009.11.11"]

1. e4 c5 2. Nf3 g6 3. c3 Bg7 4. d4 cxd4 5. cxd4 d5 6. e5 Nc6 7. Nc3 Bg4 8. Be2
Bxf3 9. Bxf3 e6 10. O-O Qb6 11. Ne2 Nh6 12. b3 Nf5 13. Bb2 f6 14. Bg4 fxe5 15.
Bxf5 exf5 16. dxe5 O-O-O 17. Qc1 Kb8 18. e6 Bxb2 19. Qxb2 Rhe8 20. Qf6 Qc7 21.
Rfe1 Qe7 22. Qxe7 Rxe7 23. Nf4 g5 24. Nd3 Rd6 25. Nc5 Kc7 26. h4 h6 27. hxg5
hxg5 28. b4 b6 29. Nd3 Rdxe6 30. Rec1 Kd6 31. a4 Nd4 32. Rc8 Ne2+ 33. Kf1 Rh7
0-1

[Event "Campeonato del Mundo sub-18 Femenino"]
[Site "Kemer TUR"]
[Date "2009.11.14"]
[Round "3.11"]
[White "Semenova, Elena"]
[Black "Iordanidou, Zoi"]
[Result "0-1"]
[WhiteElo "2233"]
[BlackElo "2060"]
[PlyCount "96"]
[EventDate "2009.11.11"]
[EventType "swiss"]
[EventRounds "11"]
[EventCountry "TUR"]
[Source "lmi"]
[SourceDate "2009.11.11"]

1. e4 d5 2. exd5 Qxd5 3. Nc3 Qd6 4. d4 Nf6 5. Nf3 c6 6. Ne5 Nbd7 7. Bf4 Nd5 8.
Nxd5 Qxd5 9. Nc4 Nf6 10. Qd2 Be6 11. Ne3 Qd7 12. c4 g6 13. f3 Bg7 14. g4 O-O
15. Be5 Rfd8 16. Rd1 Qc8 17. Qc3 Ne8 18. Bxg7 Nxg7 19. Be2 f6 20. Kf2 Qc7 21.
Bd3 Bf7 22. Kg2 Ne6 23. Be4 Ng5 24. h4 Nxe4 25. fxe4 Qd7 26. Kg3 Qe6 27. Ng2 h5
28. Qf3 Rxd4 29. Rxd4 Qe5+ 30. Nf4 Qxd4 31. gxh5 gxh5 32. Kh2 Qe5 33. Rg1+ Kh7
34. Kh1 Rg8 35. Rxg8 Kxg8 36. a4 b5 37. cxb5 cxb5 38. axb5 Qxb5 39. Nd5 Qd7 40.
b4 Bxd5 41. exd5 Qg4 42. Qb3 Qxh4+ 43. Kg2 Qg4+ 44. Kh2 Kg7 45. b5 h4 46. Qd3
Qg3+ 47. Qxg3+ hxg3+ 48. Kxg3 f5 0-1

[Event "Campeonato del Mundo sub-18 Femenino"]
[Site "Kemer TUR"]
[Date "2009.11.14"]
[Round "3.12"]
[White "Nakhbayeva, Guliskhan"]
[Black "Bakhtiyarly, Aysel Anvar Qizi"]
[Result "0-1"]
[WhiteElo "2201"]
[BlackElo "2042"]
[PlyCount "72"]
[EventDate "2009.11.11"]
[EventType "swiss"]
[EventRounds "11"]
[EventCountry "TUR"]
[Source "lmi"]
[SourceDate "2009.11.11"]

1. d4 d5 2. c4 e6 3. Nc3 Nf6 4. Bg5 Be7 5. e3 O-O 6. Nf3 b6 7. Be2 Bb7 8. cxd5
Nxd5 9. Bxe7 Qxe7 10. O-O Nd7 11. Rc1 c5 12. Bb5 Rfd8 13. Re1 Nc7 14. Bc4 Nf8
15. Qe2 Bxf3 16. Qxf3 cxd4 17. exd4 Qb4 18. b3 Qd6 19. Red1 Nd5 20. Bxd5 exd5
21. Nb5 Qd7 22. Rc7 Qe8 23. a4 a6 24. Na3 Ne6 25. Rcc1 Qd7 26. Qd3 Rac8 27. g3
Rxc1 28. Rxc1 Rc8 29. Rd1 Qb7 30. Kg2 Rc7 31. Rd2 Qc8 32. Qf5 Rc3 33. Rc2 Rxc2
34. Qxc2 Qf8 35. Qb2 Qb4 36. Nc2 Qd2 0-1

[Event "Campeonato del Mundo sub-18 Femenino"]
[Site "Kemer TUR"]
[Date "2009.11.14"]
[Round "3.13"]
[White "Jafari, Golnaz"]
[Black "Marshall, Abby"]
[Result "0-1"]
[WhiteElo "1999"]
[BlackElo "2176"]
[PlyCount "80"]
[EventDate "2009.11.11"]
[EventType "swiss"]
[EventRounds "11"]
[EventCountry "TUR"]
[Source "lmi"]
[SourceDate "2009.11.11"]

1. e4 e5 2. Nf3 Nc6 3. Nc3 Nf6 4. d4 exd4 5. Nxd4 Bb4 6. Nxc6 bxc6 7. Bd3 d5 8.
exd5 cxd5 9. O-O O-O 10. Bg5 c6 11. Qf3 Be7 12. Rae1 Be6 13. h3 Rb8 14. Nd1 c5
15. b3 c4 16. Bf5 Qd7 17. Bxe6 fxe6 18. Qe2 cxb3 19. axb3 Rb6 20. Qd3 Bd6 21.
Be3 Rc6 22. Bd4 Ne4 23. c4 Bb8 24. cxd5 Qd6 25. g3 exd5 26. Nc3 Ng5 27. Kg2 Qd7
28. Rh1 Nf3 29. Re3 Nxd4 30. Qxd4 Rcf6 31. Rf1 Rd8 32. Rd3 Kh8 33. Qxd5 Rd6 34.
Qxd6 Bxd6 35. Rfd1 Qe7 36. Kg1 h6 37. Nb5 Bc7 38. Nxc7 Rxd3 39. Rxd3 Qxc7 40.
h4 Qc1+ 0-1

[Event "Campeonato del Mundo sub-18 Femenino"]
[Site "Kemer TUR"]
[Date "2009.11.14"]
[Round "3.14"]
[White "Alpysbayeva, Aigerim"]
[Black "Dudas, Eszter"]
[Result "1/2-1/2"]
[WhiteElo "1972"]
[BlackElo "2147"]
[PlyCount "104"]
[EventDate "2009.11.11"]
[EventType "swiss"]
[EventRounds "11"]
[EventCountry "TUR"]
[Source "lmi"]
[SourceDate "2009.11.11"]

1. Nf3 Nf6 2. g3 b6 3. Bg2 Bb7 4. O-O c5 5. c4 e6 6. e3 Be7 7. d4 Qc7 8. b3 d5
9. cxd5 Bxd5 10. Bb2 cxd4 11. exd4 Qb7 12. Nc3 Bc6 13. Rc1 Nbd7 14. Qe2 O-O 15.
Nh4 Bxg2 16. Nxg2 Bb4 17. Nf4 Bxc3 18. Bxc3 Nd5 19. Nxd5 Qxd5 20. Rfe1 Nf6 21.
f4 Rfd8 22. Bb2 h5 23. Qe5 Qf3 24. Qe2 Qxe2 25. Rxe2 Nd5 26. Rc4 g6 27. a4 Kf8
28. Kf2 Ke8 29. Kf3 Kd7 30. h3 Rab8 31. Rc1 b5 32. a5 Rdc8 33. Rc5 b4 34. Rec2
Rxc5 35. dxc5 Rb5 36. c6+ Kc8 37. g4 hxg4+ 38. hxg4 Rxa5 39. Be5 Ra3 40. Rh2
Rxb3+ 41. Ke4 Re3+ 42. Kd4 Rxe5 43. fxe5 a5 44. Kc5 a4 45. Kd6 Kb8 46. Rd2 a3
47. Rxd5 exd5 48. Kd7 a2 49. c7+ Ka7 50. c8=Q a1=Q 51. Qc7+ Ka6 52. Qc6+ Ka7
1/2-1/2

[Event "Campeonato del Mundo sub-18 Femenino"]
[Site "Kemer TUR"]
[Date "2009.11.14"]
[Round "3.15"]
[White "Aliaga Fernandez, Ingrid Yadyra"]
[Black "Haug, Marianne Wold"]
[Result "1/2-1/2"]
[WhiteElo "2146"]
[BlackElo "2005"]
[PlyCount "104"]
[EventDate "2009.11.11"]
[EventType "swiss"]
[EventRounds "11"]
[EventCountry "TUR"]
[Source "lmi"]
[SourceDate "2009.11.11"]

1. e4 c5 2. Nf3 Nc6 3. c4 e5 4. Nc3 g6 5. d3 Bg7 6. Be2 Nge7 7. O-O O-O 8. Rb1
d6 9. a3 a5 10. Nd5 h6 11. Bd2 Bg4 12. Nxe5 Nxe5 13. Bxg4 Nxd5 14. cxd5 Nxd3
15. Be3 Ne5 16. Be2 Nd7 17. Qd2 Kh7 18. Rbe1 Re8 19. f3 a4 20. Qc2 Qa5 21. Kh1
b5 22. Bd2 Qb6 23. Rb1 Rec8 24. f4 b4 25. Rfc1 b3 26. Qd3 Re8 27. Bg4 Nf6 28.
Bf3 Qa6 29. Qxa6 Rxa6 30. e5 dxe5 31. fxe5 Nd7 32. Be2 Ra7 33. Bb5 Rxe5 34. Bc6
Re2 35. Bc3 Ne5 36. Bb5 Re4 37. Re1 f5 38. h3 c4 39. Red1 Nd3 40. Rd2 Bxc3 41.
bxc3 Ra5 42. Bxc4 Nf2+ 43. Rxf2 Rxc4 44. Rd2 Ra7 45. d6 Rd7 46. Rd3 Rc6 47.
Rbd1 Kg7 48. Kh2 Kf6 49. Rd4 Rxc3 50. Rxa4 b2 51. Rb1 Rb3 52. Rd4 Rxa3 1/2-1/2

[Event "Campeonato del Mundo sub-18 Femenino"]
[Site "Kemer TUR"]
[Date "2009.11.14"]
[Round "3.16"]
[White "Richard, Emma"]
[Black "Mnatsakanyan, Diana"]
[Result "1-0"]
[WhiteElo "2135"]
[BlackElo "1973"]
[PlyCount "51"]
[EventDate "2009.11.11"]
[EventType "swiss"]
[EventRounds "11"]
[EventCountry "TUR"]
[Source "lmi"]
[SourceDate "2009.11.11"]

1. e4 d5 2. exd5 Nf6 3. Nf3 Qxd5 4. Nc3 Qa5 5. d4 Bg4 6. Bd2 c6 7. Bc4 e6 8. h3
Bh5 9. Nd5 Qd8 10. Nxf6+ gxf6 11. Qe2 Nd7 12. d5 Bxf3 13. gxf3 cxd5 14. Bxd5
Qb6 15. Bb3 O-O-O 16. O-O-O Bc5 17. Rhf1 Rhg8 18. Bf4 h5 19. Bg3 f5 20. Bh4
Rdf8 21. Bg3 Qc6 22. Qc4 Nb6 23. Qf4 Nd7 24. Ba4 b5 25. Bxb5 Qxb5 26. Qc7# 1-0

[Event "Campeonato del Mundo sub-18 Femenino"]
[Site "Kemer TUR"]
[Date "2009.11.14"]
[Round "3.17"]
[White "Orehek, Spela"]
[Black "Ziaziulkina, Nastassia"]
[Result "0-1"]
[WhiteElo "1890"]
[BlackElo "2128"]
[PlyCount "70"]
[EventDate "2009.11.11"]
[EventType "swiss"]
[EventRounds "11"]
[EventCountry "TUR"]
[Source "lmi"]
[SourceDate "2009.11.11"]

1. e4 c5 2. c3 Nf6 3. e5 Nd5 4. d4 cxd4 5. Nf3 Nc6 6. cxd4 d6 7. Bc4 Nb6 8. Bb5
dxe5 9. Nxe5 Bd7 10. Nxd7 Qxd7 11. Nc3 Rd8 12. Qf3 e6 13. O-O Be7 14. Rd1 O-O
15. Bxc6 bxc6 16. Qg4 Kh8 17. Bg5 Nc4 18. b3 Nd6 19. Rac1 Bxg5 20. Qxg5 Nf5 21.
Rc2 f6 22. Qd2 Nxd4 23. Ne4 e5 24. Rc4 f5 25. Nc3 Nf3+ 26. gxf3 Qxd2 27. Rxd2
Rxd2 28. Rxc6 Rc2 29. b4 h6 30. b5 Rd8 31. Kg2 Rdd2 32. a4 Rxf2+ 33. Kg1 Rg2+
34. Kh1 Rxh2+ 35. Kg1 Rhd2 0-1

[Event "Campeonato del Mundo sub-18 Femenino"]
[Site "Kemer TUR"]
[Date "2009.11.14"]
[Round "3.19"]
[White "Guadamuro Torrente, Anabel"]
[Black "Ursente, Maria-Eugenia"]
[Result "1/2-1/2"]
[WhiteElo "2116"]
[BlackElo "1968"]
[PlyCount "63"]
[EventDate "2009.11.11"]
[EventType "swiss"]
[EventRounds "11"]
[EventCountry "TUR"]
[Source "lmi"]
[SourceDate "2009.11.11"]

1. e4 c5 2. Nf3 e6 3. g3 d6 4. Bg2 Nc6 5. O-O g6 6. c3 Bg7 7. Re1 Nge7 8. d3
O-O 9. Nbd2 Rb8 10. a4 a6 11. Nf1 b5 12. axb5 axb5 13. d4 cxd4 14. cxd4 d5 15.
e5 h6 16. Ne3 Kh7 17. h4 Nf5 18. Nxf5 gxf5 19. Bf4 Bd7 20. Qd3 Nb4 21. Qb3 Qe7
22. Bd2 Nc6 23. Bf1 Rfc8 24. Bd3 Kh8 25. Ra6 Bf8 26. Bb1 Ra8 27. Rxa8 Rxa8 28.
Rc1 Na5 29. Bxa5 Rxa5 30. Kg2 Qd8 31. g4 Ra1 32. gxf5 1/2-1/2

[Event "Campeonato del Mundo sub-18 Femenino"]
[Site "Kemer TUR"]
[Date "2009.11.14"]
[Round "3.21"]
[White "Deur, Zrinka"]
[Black "Elansary, Eman"]
[Result "1-0"]
[WhiteElo "2089"]
[BlackElo "1926"]
[PlyCount "71"]
[EventDate "2009.11.11"]
[EventType "swiss"]
[EventRounds "11"]
[EventCountry "TUR"]
[Source "lmi"]
[SourceDate "2009.11.11"]

1. e4 e5 2. Nf3 Nc6 3. Bb5 a6 4. Ba4 Nf6 5. d3 b5 6. Bb3 d6 7. c3 Na5 8. Bc2 c5
9. O-O Be7 10. Re1 Qc7 11. Nbd2 O-O 12. Nf1 Nc6 13. Ne3 Be6 14. Nf5 Bd8 15. Be3
Rc8 16. a4 b4 17. Rc1 a5 18. h3 Qd7 19. Ng3 Qc7 20. d4 Ne7 21. Ng5 Bc4 22. dxe5
dxe5 23. cxb4 axb4 24. Bb1 Ba6 25. Rxc5 Qb6 26. Qb3 Rxc5 27. Bxc5 Qc7 28. Qxb4
Nc6 29. Qd2 Be7 30. Bxe7 Qxe7 31. Nf5 Qc7 32. b4 Bb7 33. b5 Na5 34. Rc1 Rd8 35.
Qe1 Qb6 36. Ba2 1-0

[Event "Campeonato del Mundo sub-18 Femenino"]
[Site "Kemer TUR"]
[Date "2009.11.14"]
[Round "3.22"]
[White "Gvilava, Maya"]
[Black "Barbier, Wiebke"]
[Result "1-0"]
[WhiteElo "2061"]
[BlackElo "1911"]
[PlyCount "62"]
[EventDate "2009.11.11"]
[EventType "swiss"]
[EventRounds "11"]
[EventCountry "TUR"]
[Source "lmi"]
[SourceDate "2009.11.11"]

1. e4 e5 2. Nf3 Nf6 3. Nxe5 d6 4. Nf3 Nxe4 5. d4 d5 6. Be2 Be7 7. O-O O-O 8.
Bf4 Nc6 9. Nc3 Re8 10. Nb5 Nd6 11. c3 Bf5 12. Nxd6 Bxd6 13. Bxd6 Qxd6 14. Bd3
Bxd3 15. Qxd3 Re6 16. Rae1 Rae8 17. Ng5 g6 18. Nxe6 Rxe6 19. Rxe6 Qxe6 20. Qe3
Nd8 21. Re1 Qxe3 22. Rxe3 Ne6 23. Kf1 Kg7 24. g3 c6 25. Ke2 Kf6 26. Kd3 Nc7 27.
b3 b6 28. c4 Kf5 29. Re7 Ne6 30. Rxf7+ Kg4 31. f3+ Kg5 1-0

[Event "Campeonato del Mundo sub-18 Femenino"]
[Site "Kemer TUR"]
[Date "2009.11.14"]
[Round "3.24"]
[White "Ibragimova, Iroda"]
[Black "Vojinovic, Jovana"]
[Result "0-1"]
[WhiteElo "1917"]
[BlackElo "2319"]
[PlyCount "104"]
[EventDate "2009.11.11"]
[EventType "swiss"]
[EventRounds "11"]
[EventCountry "TUR"]
[Source "lmi"]
[SourceDate "2009.11.11"]

1. e4 e6 2. d3 d5 3. Nd2 Nf6 4. Ngf3 b6 5. g3 Bb7 6. Qe2 dxe4 7. dxe4 Nbd7 8.
Bg2 e5 9. O-O Bc5 10. h3 O-O 11. c3 a5 12. Re1 Re8 13. b3 Bf8 14. a3 Nc5 15.
Nh2 Ba6 16. c4 Nd3 17. Rf1 Qd4 18. Ra2 Nxc1 19. Rxc1 Rad8 20. Nhf3 Qd3 21. Qe1
Bb7 22. Bf1 Qd7 23. Nh4 Bxa3 24. Rcc2 Bb4 25. Qe3 Qd4 26. Qxd4 Rxd4 27. Nf5
Rxd2 28. Rxd2 Bxd2 29. Rxd2 Bxe4 30. Ne3 g6 31. g4 h6 32. Nd1 Bc6 33. Nc3 Kg7
34. Nb5 Re7 35. Rd8 Bxb5 36. cxb5 Rd7 37. Rc8 Ne4 38. Bg2 Nd6 39. Bc6 Nxc8 40.
Bxd7 Ne7 41. Kg2 Kf6 42. Kf3 Nd5 43. Bc6 Nb4 44. Bb7 Ke6 45. Ke4 f5+ 46. gxf5+
gxf5+ 47. Kf3 Nc2 48. Bc8+ Kf6 49. Kg3 Nd4 50. Kh4 Nxb5 51. Kh5 Nd6 52. Bd7 Kg7
0-1